Statistics for Geography Superlatives

Click here to take the quiz!

General Stats

  • This quiz has been taken 121 times
    (95 since last reset)
  • The average score is 18 of 24

Answer Stats

HintAnswer% Correct
Largest country by populationChina
100%
Largest continentAsia
98%
Largest country by areaRussia
98%
Largest U.S. state by populationCalifornia
95%
Largest oceanPacific
95%
Largest U.S. state by areaAlaska
94%
Largest "hot" desertSahara
94%
Tallest mountainMount Everest
93%
Longest riverNile River
93%
Largest rainforestAmazon
90%
Largest islandGreenland
87%
Longest mountain rangeAndes
76%
Tallest buildingBurj Khalifa
73%
Deepest trenchMariana Trench
71%
Deepest lakeBaikal
68%
Highest waterfallAngel Falls
67%
Largest lake (or sea) by areaCaspian Sea
67%
Largest desertAntarctic
66%
Lowest point on landDead Sea
55%
Largest city by urban areaGuangzhou
51%
Largest bay by areaBay of Bengal
39%
Oldest universityBologna
37%
Largest peninsulaArabian Peninsula
33%
Largest gorge by volumeGrand Canyon
30%

Score Distribution

Percentile by Number Answered

Percent of People with Each Score

Your Score History

You have not taken this quiz since the last reset